| 000 | 00729nam a2200253Ia 4500 | ||
|---|---|---|---|
| 003 | OSt | ||
| 005 | 20221006160604.0 | ||
| 006 | a|||||r|||| 00| 0 | ||
| 007 | ta | ||
| 008 | 221006b |||||||| |||| 00| 0 eng d | ||
| 024 | _a45,558 | ||
| 037 | _cSeries Articles | ||
| 040 |
_aEASL _cEASL _beng |
||
| 041 |
_2eng _aeng |
||
| 100 |
_aDriessn Miriam _9674268 |
||
| 245 | 0 |
_aMigrating for the bank _b Housing and Chinese labour migeration to ethiopia |
|
| 260 |
_aCambridge _bCambridge Univesity Press _c2015 |
||
| 300 |
_a143-160 Pp. _ccm. |
||
| 490 | _v221 | ||
| 650 |
_a China - Labour Migration to Ethiopia _9674269 |
||
| 650 | _aChina | ||
| 942 |
_cREF _2CC |
||
| 999 |
_c1113650 _d1113650 |
||